000
00287nam a22001337a 4500
008
171013b xxu||||| |||| 00| 0 eng d
020
_a
007040125-X
041
_a
eng
080
_2
3RD
_a
316
100
_a
51
101
_a
SOC
245
_a
SOCIAL ETHICS
_c
MAPPES,TH.A
942
_2
udc
_c
BK
999
_c
33733
_d
33733